000
00346nam a2200157Ia 4500
003
OSt
005
20240312114524.0
008
170523s9999 xx 000 0 und d
020
_a
nil
040
_c
iimtu meerut
100
_a
SAWHNEY- SC
245
0
_a
PRODCTIVITY MANAGEMENT
260
_b
TATA MC GRAW HILL
260
_c
1991
942
_2
ddc
_c
02
999
_c
1520
_d
1520